Governorates of Kuwait Map Quiz - Statistics

General Stats
  • This quiz has been taken 274 times
  • The average score is 3 of 6
Answers on the Map
Answers color-coded by a green-red scale on the quiz's map according to % correct below.
 
Answer Stats
Answer % Correct
Jahra
65%
Ahmadi
63%
Al Asimah
56%
Farwaniya
50%
Hawalli
47%
Mubarak Al-Kabeer
47%
No matching quizzes found
Score Distribution
Percent of People with Each Score
Percentile by Number Answered
Your Score History
You have not taken this quiz